000 00496nam a2200181 4500
001 16779
005 20230410115717.0
008 060907n2002 dr spa
020 _a0195154983
035 _9funglode16913
041 _aEN
050 1 4 _aHG 4523 I88 2002
245 0 _aInternational capital markets :
_bsystems in transition /
_cedited by John eatwell Lance taylo
260 _aNew York: Oxford,
_c2002
300 _a484 p.
700 _aEatwell, John
942 _2lcc
_cbk
999 _c46495
_d46495